LEADER 05307nam 2200385 450 001 9910724344003321 005 20230626215432.0 035 $a(CKB)5470000002601802 035 $a(NjHacI)995470000002601802 035 $a(EXLCZ)995470000002601802 100 $a20230626d2019 uy 0 101 0 $afre 135 $aur||||||||||| 181 $ctxt$2rdacontent 182 $cc$2rdamedia 183 $acr$2rdacarrier 200 00$aVisibilite? et pre?sence de l'image dans l'espace eccle?sial $eByzance et Moyen A?ge occidental /$fedited by Sulamith Brodbeck and Anne-Orange Poilpre? 210 1$aParis :$cE?ditions de la Sorbonne,$d2019. 215 $a1 online resource (448 pages) 327 $aRemerciements -- Sulamith Brodbeck and Anne-Orange Poilpre? Introduction -- L'image dans l'espace sacre? : une question et ses enjeux -- Jean-Pierre Caillet L'image dans l'e?difice cultuel en Occident me?die?val Bilan historiographique d'un sie?cle de re?flexions et potentielles ouvertures -- Jean-Michel Spieser De?cor et pratiques cultuelles dans les e?glises byzantines Textes, rites et performance : de l'image pratique?e a? l'image lumineuse -- Georgia Frank Picturing Psalms: Pilgrims' Processions in Late Antique Jerusalem -- Susan Boynton Cluniac Spaces of Performance -- Sharon E. J. Gerstel Images in Churches in Late Byzantium Reflections and Directions -- Nicolas Reveyron Dessin, couleurs et lumie?re dans l'e?glise me?die?vale La performativite? de l'image lumineuse -- Objets mobiles et rites dans et autour de l'espace eccle?sial -- Alain Rauwel La croix d'autel : image sainte ou objet de culte ? -- Olivier Delouis Expe?rience de l'ico?ne et preuve par l'image chez The?odore Stoudite -- Maria Parani Experiencing Miraculous Icons in Byzantium The examples of the Icon of the "Usual Miracle" and the Hodegetria in Constantinople -- Stefania Gerevini Invisible, in Full View The Byzantine Relics of Santa Maria della Scala in Siena -- Images monumentales, jeux d'e?chelle et dynamiques spatiales du lieu de culte -- Didier Me?hu La porte et l'autel Les figures des lieux liminaires de l'e?glise pale?ochre?tienne -- Isabelle Marchesin La mise en re?seau des hommes et des artefacts dans l'e?glise Saint-Michel d'Hildesheim -- Annemarie Weyl Carr Paths of Perception in the Last Judgments of Byzantine and Lusignan Cyprus -- Mare?va U Images et passages dans l'espace eccle?sial a? l'e?poque me?diobyzantine -- Ve?ronique Deur-Petiteau Images, spatialite? et ce?re?moniel dans le narthex des e?glises en Serbie me?die?vale Images monumentales, jeux d'e?chelle et dynamiques spatiales du lieu de culte -- Vincent Debiais Visibilite? et pre?sence des inscriptions dans l'image me?die?vale -- Catherine Jolivet-Le?vy Inscriptions et images dans les e?glises byzantines de Cappadoce Visibilite? / lisibilite?, interactions et fonctions -- Madeline H. Caviness Illegible Inscriptions as Solar or Mechanical Prayer Wheels -- Index des personnes -- Index des lieux -- Liste des abre?viations. 330 $aCet ouvrage met au c?ur de son propos une interrogation simple : dans l'organisation complexe de l'espace de l'e?glise me?die?vale, les emplacements choisis pour les images qui ornent les murs et les objets n'offrent pas toujours la possibilite? de voir celles-ci, d'en de?chiffrer le contenu. Certaines semblent re?serve?es a? des groupes de l'assemble?e stationnant dans des espaces spe?cifiques, d'autres ne sont pas visibles depuis les principales zones affecte?es aux fide?les ou aux clercs, d'autres encore sont situe?es trop haut. Le rapport, a priori e?vident, entre repre?sentation et visibilite? se trouve donc souvent de?menti, appelant alors une nouvelle notion, celle de pre?sence. Analyser la tension existant entre ces trois cate?gories - figuration, visibilite? et pre?sence - implique une e?tude croise?e des ?uvres figure?es, des monuments et des sources e?crites. Les notions de mobilite? et de fixite? permettent e?galement de prendre en compte les multiples jeux d'e?chelles a? l'?uvre dans ce lieu rituel qu'est l'e?glise, impliquant des objets, des manuscrits, des dispositifs liturgiques, des gestes, des de?placements physiques, dialoguant avec un de?cor applique? au corps me?me du monument, e?pousant l'immobilite? de l'architecture. Les cinq chapitres the?matiques qui organisent ce volume mettent en regard diffe?rents cas issus de l'Occident me?die?val et de l'Orient byzantin, selon une chronologie longue (de l'Antiquite? tardive a? la fin du Moyen A?ge), dans une volonte? de de?cloisonner les disciplines et les aires ge?ographiques afin de tirer tous les enseignements d'une approche transversale de l'image me?die?vale. 517 $aVisibilité et présence de l?image dans l?espace ecclésial 606 $aLiturgy and architecture 606 $aArt, Byzantine 615 0$aLiturgy and architecture. 615 0$aArt, Byzantine. 676 $a726.5 702 $aBrodbeck$b Sulamith 702 $aPoilpre?$b Anne-Orange 801 0$bNjHacI 801 1$bNjHacl 906 $aBOOK 912 $a9910724344003321 996 $aVisibilite? et pre?sence de l'image dans l'espace eccle?sial$93392096 997 $aUNINA LEADER 03925oam 22004572 450 001 9910737391203321 005 20230105202027.0 010 $a90-04-34017-3 024 7 $a10.1163/9789004340176 035 $a(CKB)4100000009585713 035 $a(MiAaPQ)EBC5928391 035 $a(nllekb)BRILL9789004340176 035 $a(EXLCZ)994100000009585713 100 $a20190905d2020 uy 0 101 0 $aeng 135 $aurcnu|||||||| 181 $ctxt$2rdacontent 182 $cc$2rdamedia 183 $acr$2rdacarrier 200 00$aScience, (anti-)communism and diplomacy $ethe Pugwash Conferences on Science and World Affairs in the early Cold War /$fEdited by Alison Kraft, Carola Sachse 210 1$aLeiden Boston :$cBRILL,$d2020. 215 $a1 online resource (372 pages) 225 1 $aBeiträge zur Geschichte der Kirchenmusik;$vvolume18 311 $a90-04-34015-7 320 $aIncludes bibliographical references and index. 327 $tFront Matter -- Copyright Page -- Thinker?s Lodge -- Acknowledgements -- Abbreviations -- Note on Contributors -- The Pugwash Conferences on Science and World Affairs: Vision, Rhetoric, Realities /$rAlison Kraft and Carola Sachse -- Founding a Transnational Network of Concerned Scientists in a Bipolar World -- Science, Peace and Internationalism: Frédéric Joliot-Curie, the World Federation of Scientific Workers and the Origins of the Pugwash Movement /$rGeoffrey Roberts -- Patronage Impossible: Cyrus Eaton and His Pugwash Scientists /$rCarola Sachse -- Pugwash and the Superpowers -- Party, Peers, Publicity: Overlapping Loyalties in Early Soviet Pugwash, 1955?1960 /$rFabian Lüscher -- American Scientists in ?Communist Conclaves:? Pugwash and Anti-communism in the United States, 1957?1968 /$rPaul Rubinson -- Minding the Gap: Zhou Peiyuan, Dorothy Hodgkin, and the Durability of Sino-Pugwash Networks /$rGordon Barrett -- Pugwash at the Central European Frontier -- ?Salonbolschewiken:? Pugwash in Austria, 1955?1965 /$rSilke Fengler -- Czechoslovak Ambitions and Soviet Politics in Eastern Europe: Pugwash and the Soviet Peace Agenda in the 1950s and 1960s /$rDoubravka Ol?a?kova? -- Confronting the German Problem: Pugwash in West and East Germany, 1957?1964 /$rAlison Kraft -- Blurring the Borders of a New Discipline: The Achievements and Prospects of Pugwash History /$rMatthew Evangelista -- Back Matter -- Index. 330 $aFrom 1957 onwards, the "Pugwash Conferences" brought together elite scientists from across ideological and political divides to work towards disarmament. Through a series of national case studies - Austria, China, Czechoslovakia, East and West Germany, the US and USSR ? this volume offers a critical reassessment of the development and work of ?Pugwash? nationally, internationally, and as a transnational forum for Track II diplomacy. This major new collection reveals the difficulties that Pugwash scientists encountered as they sought to reach across the blocs, create a channel for East-West dialogue and realize the project?s founding aim of influencing state actors. Uniquely, the book affords a sense of the contingent and contested process by which the network-like organization took shape around the conferences. Contributors are Gordon Barrett, Matthew Evangelista, Silke Fengler, Alison Kraft, Fabian Lüscher, Doubravka Ol?áková, Geoffrey Roberts, Paul Rubinson, and Carola Sachse. 410 0$aBeiträge zur Geschichte der Kirchenmusik;$vvolume18. 606 $aNuclear disarmament 606 $aCold War$xHistory 615 0$aNuclear disarmament. 615 0$aCold War$xHistory. 676 $a327.174709045 702 $aKraft$b Alison 702 $aSachse$b Carola$f1951- 801 0$bNL-LeKB 801 1$bNL-LeKB 906 $aBOOK 912 $a9910737391203321 996 $aScience, (anti-)communism and diplomacy$93530135 997 $aUNINA LEADER 03218nam 22005775 450 001 9910988394203321 005 20260121125058.0 010 $a9783031831690 010 $a3031831691 024 7 $a10.1007/978-3-031-83169-0 035 $a(CKB)38111247500041 035 $a(DE-He213)978-3-031-83169-0 035 $a(MiAaPQ)EBC31973479 035 $a(Au-PeEL)EBL31973479 035 $a(OCoLC)1524422648 035 $a(EXLCZ)9938111247500041 100 $a20250322d2025 u| 0 101 0 $aeng 135 $aur||||||||||| 181 $ctxt$2rdacontent 182 $cc$2rdamedia 183 $acr$2rdacarrier 200 10$aAcademic Advocacy for New Religious Movements $eOf Apocalypse and Justice /$fby Benjamin Beit-Hallahmi 205 $a1st ed. 2025. 210 1$aCham :$cSpringer Nature Switzerland :$cImprint: Palgrave Macmillan,$d2025. 215 $a1 online resource (XXII, 290 p.) 311 08$a9783031831683 311 08$a3031831683 327 $aChapter 1: Seduced by a Dream of Justice -- Chapter 2: The Consensus in Plan and Action -- Chapter 3: Defending the Children of God/the Family -- Chapter 4: The Unification Church in Search of Respectabily -- Chapter 5: A Memory of Jonestown -- Chapter 6: Defending Rajneesh -- Chapter 7: The Martyrdom of David Koresh -- Chapter 8: Defending more Abuses and more Abusers -- Chapter 9: Collaborating with Scientology -- Chapter 10: Advocacy, Collaboration, and Ethics -- Chapter 11: Lessons to Remember. 330 $aThis book explores the intersection of advocacy and academic practice within the social sciences, focusing on the ethical dimensions and potential consequences of researchers engaging in political action on behalf of the groups they study. Investigating the ethical and practical implications of advocacy in academic work, specifically within the social sciences. It examines how scholars, guided by their research and vision for social change, engage politically to support the groups they study. The book addresses the debate surrounding academic advocacy: is it harmful or a necessary pursuit? Through a detailed study of a historical advocacy movement, it analyzes the global campaign to gain legitimacy for new religious movements (NRMs) between 1980 and 2000. It is an important read for scholars of New Religious Movements and those interested in the way religion is studied. Benjamin Beit-Hallahmi is Professor Emeritus of Psychology at the University of Haifa, Israel. 606 $aCults 606 $aReligion$xHistory 606 $aReligion and sociology 606 $aNew Religious Movements 606 $aHistory of Religion 606 $aSociology of Religion 615 0$aCults. 615 0$aReligion$xHistory. 615 0$aReligion and sociology. 615 14$aNew Religious Movements. 615 24$aHistory of Religion. 615 24$aSociology of Religion. 676 $a209 700 $aBeit-Hallahmi$b Benjamin$4aut$4http://id.loc.gov/vocabulary/relators/aut$0657355 801 0$bMiAaPQ 801 1$bMiAaPQ 801 2$bMiAaPQ 906 $aBOOK 912 $a9910988394203321 996 $aAcademic Advocacy for New Religious Movements$94349631 997 $aUNINA